| 000 | 00850 a2200229 4500 | ||
|---|---|---|---|
| 001 | 29449 | ||
| 005 | 20260407155604.0 | ||
| 008 | 260407a1995 arg spa d | ||
| 003 | AR-UNSa-BCEJYS | ||
| 040 |
_aAR-UNSa-BCEJYS _bspa _cAR-UNSa-BCEJYS |
||
| 080 |
_a336.225 _xMétodo de tributación y administración de impuestos |
||
| 245 | 1 | 0 | _aVerificación y fiscalización D.G.I. |
| 020 | _a950-811-023-6 | ||
| 264 | 1 |
_aBuenos Aires : _bEdiciones Nueva Técnica _c1995 |
|
| 300 |
_a88 p. _c28 cm. |
||
| 505 | _a1. Verificación y fiscalización - 2. Régimen de fiscalización para determinados contribuyentes - 3. Regímenes de presentación espontánea y de facilidades de pago. Decreto 316/95 | ||
| 041 | _aspa | ||
| 942 | _cBK | ||
| 590 | _aniveau_biblio:m niveau_hierar:0 | ||
| 100 | 1 | _aRofrano, Omar Angel | |
| 700 | 1 | _aGomez, Oscar Daniel | |
| 999 |
_c1874 _d1874 |
||